Buenaventura correoso, El Hombre /
Gespeichert in:
| 1. Verfasser: | |
|---|---|
| Format: | Text |
| Tags: |
Tag hinzufügen
Keine Tags, Fügen Sie den ersten Tag hinzu!
|
MARC
| LEADER | 00000 a a2200000 04500 | ||
|---|---|---|---|
| 001 | 45672 | ||
| 003 | |||
| 040 | |a CRAI/IIS |c CRAI/IIS | ||
| 100 | |a Ríos Torres, Ricardo | ||
| 245 | |a Buenaventura correoso, El Hombre / |c Ricardo Arturo Ríos Torres | ||
| 773 | |g número503 (2012), páginas 7-11 | ||
| 999 | |c 18362 |d 18362 | ||
